[Event "Cologne Longerich op 8th"]
[Site "Cologne"]
[Date "2011.08.14"]
[Round "5"]
[White "Sherif, Malik"]
[Black "Klein, Andreas Peter"]
[Result "0-1"]
[WhiteElo "896"]
[BlackElo "1310"]
[PlyCount "112"]
[EventDate "2011.08.12"]
[EventType "swiss"]
[EventRounds "5"]
[EventCountry "GER"]
[SourceTitle "EXT 2017"]
[Source "ChessBase"]
[SourceDate "2016.10.25"]
[SourceVersion "1"]
[SourceVersionDate "2016.10.25"]
[SourceQuality "1"]

1. Nf3 Nf6 2. g3 d6 3. Bg2 e5 4. Nc3 Bf5 5. d3 Nc6 6. e4 Bg4 7. h3 Be6 8. Be3 d5 9. exd5 Nxd5 10. 0-0 Nxe3 11. fxe3 Bb4 12. a3 Bxc3 13. bxc3 0-0 14. d4 exd4 15. cxd4 Qd7 16. Kh2 Rfe8 17. Ne5 Nxe5 18. dxe5 Qxd1 19. Raxd1 c6 20. Rb1 Rab8 21. Be4 Bc4 22. Rf5 g6 23. Rg5 h6 24. Rg4 Rxe5 25. Bxg6 Be6 26. Bf5+ Kf8 27. Bxe6 Rxe6 28. Re1 Rbe8 29. e4 f5 30. Rf4 Rxe4 31. Rxf5+ Kg7 32. Rxe4 Rxe4 33. Ra5 a6 34. Rc5 Ra4 35. Rc3 h5 36. Rb3 b5 37. Kg2 Kf6 38. Rf3+ Ke5 39. Re3+ Re4 40. Rxe4+ Kxe4 41. Kf2 c5 42. Ke2 b4 43. axb4 cxb4 44. g4 hxg4 45. hxg4 a5 46. g5 Kf5 47. g6 Kxg6 48. Kd3 a4 49. Kd2 a3 50. Kc1 Kf5 51. Kb1 Ke4 52. Ka2 Kd4 53. Kb3 Ke3 54. c3 a2 55. Kxa2 bxc3 56. Kb1 Kd2 0-1

[Event "Cologne Longerich op 8th"]
[Site "Cologne"]
[Date "2011.08.13"]
[Round "2"]
[White "Klein, Andreas Peter"]
[Black "Statz, Samuel"]
[Result "1-0"]
[WhiteElo "1310"]
[BlackElo "995"]
[PlyCount "69"]
[EventDate "2011.08.12"]
[EventType "swiss"]
[EventRounds "5"]
[EventCountry "GER"]
[SourceTitle "EXT 2017"]
[Source "ChessBase"]
[SourceDate "2016.10.25"]
[SourceVersion "1"]
[SourceVersionDate "2016.10.25"]
[SourceQuality "1"]

1. d4 d5 2. c4 Nf6 3. Nc3 Bf5 4. a3 Nc6 5. Nf3 Ne4 6. Nxd5 e6 7. Nc3 Nxc3 8. bxc3 b6 9. e3 Qf6 10. Bd3 0-0-0 11. 0-0 e5 12. Bxf5+ Qxf5 13. Qa4 Kb7 14. Bd2 Qf6 15. Rfb1 e4 16. Ne1 a6 17. Nc2 Na7 18. Nb4 Bxb4 19. axb4 b5 20. cxb5 Nxb5 21. c4 Nxd4 22. exd4 Ra8 23. Be3 c6 24. Qa5 Qe6 25. c5 Qf6 26. Qb6+ Kc8 27. Rxa6 Rxa6 28. Qxa6+ Kd7 29. b5 cxb5 30. Qxf6 gxf6 31. Rxb5 Kc6 32. Rb6+ Kd5 33. Rxf6 Rc8 34. Rxf7 h5 35. Rf5+ 1-0